000
00239nam a22000857a 4500
008
160705b xxu||||| |||| 00| 0 eng d
100
_9
2096
_a
Manokaran, J
245
_a
Sunflowers and Butterflies
260
_a
New Delhi
_b
National Book Trust
_c
1993
999
_c
1791
_d
1791